000 00908nam a22002417a 4500
999 _c10686
_d10686
008 180917b ||||| |||| 00| 0 eng d
020 _a978-0-07-131860-0
082 _22013
_aDC 613.723
_bC744
100 _aCorbin, Charles B.
_931186
245 _aConcepts of physical fitness :
_bactive lifestyles for wellness /
_cCharles B. Corbin, Gregory J. Welk, William R. Corbin, and Karen A. Welk
250 _aSeventeenth Edition
260 _aNew York :
_bMcGraw-Hill Higher Education ;
_c©2013.
300 _axx,460 pages :
_bcolor illustrations ;
_c27 pages.
500 _aIncludes appendix and index.
650 0 _931180
_aExercise
650 0 _931181
_aPhysical fitness
650 0 _931182
_aPhysical fitness -- Problems, exercises, etc
700 _931183
_aWelk, Gregory J.
700 _931184
_aCorbin, William R.
700 _931185
_aWelk, Karen A.
365 _b3.362.00
_cPhp.
942 _2ddc
_cDC